000 00806nam a2200265Ia 4500
001 22085
005 20260320113341.0
008 260320s9999||||xx |||||||||||||| ||und||
020 _a9786123331702
041 _aESP
082 _a657.7
_bA11 V. 2
100 _aAbanto Bromley, Martha,
_eAUT
245 0 _aOperaciones de gastos según el PCGE
_b
246 _a
_5
_b
250 _aPrimera edición
260 _aLima :
_bGaceta Jurídica,
_c2026
300 _a158 páginas :
_bcuadros ;
_c24 cm.
_e
440 _a(Contadores & Empresas)
_n
_v
650 _aCIS
653 _aContabilidad; Estados financieros; Plan contable general
654 _aCCO
700 _a
_c
856 _uhttps://legal.legis.com.pe/home/Corporativo
_zVéase además: Base de datos MultiLegis
942 _cLIB
_dJUS
_fTRC
_2ddc
_n
999 _c22085
_d22085